| 000 | 00505nam a2200181Ia 4500 | ||
|---|---|---|---|
| 999 |
_c14066 _d14066 |
||
| 003 | OSt | ||
| 005 | 20201103132849.0 | ||
| 008 | 190216s9999||||xx |||||||||||||| ||und|| | ||
| 020 | _a0452262496 | ||
| 040 | _coclc | ||
| 082 |
_a813 _bSTO/L |
||
| 100 |
_aStone, Irving _96238 |
||
| 245 | 0 |
_aLust For Life / _cIrving Stone |
|
| 260 |
_bA Plume Books, _c1985. _aNew york: |
||
| 300 | _a488p | ||
| 650 | _aEnglish Novel-English Novel | ||
| 942 |
_cBK _2ddc _h813. _i STO/I _k813. _m STO/I |
||